Pagan mysteries in the Renaissance

Αποθηκεύτηκε σε:
Λεπτομέρειες βιβλιογραφικής εγγραφής
Κύριος συγγραφέας: Wind, Edgar, 1900-1971
Μορφή: Βιβλίο
Γλώσσα:English
Δημοσίευση: New York : W.W. Norton, 1968
Έκδοση:Rev. ed., and enl.
Σειρά:Norton library
Norton paperbacks in art, architecture and the philosophy of art
Θέματα:
Ετικέτες: Προσθήκη ετικέτας
Δεν υπάρχουν, Καταχωρήστε ετικέτα πρώτοι!

MARC

LEADER 00000cam a2200000 i 4500
001 1/6906
008 000618s1968 eng d
020 |a 0393004759 
035 |l 10062097 
040 |a GR-MY-UA  |b gre  |e aacr 
041 0 |a eng 
082 0 |a 709.45 
100 1 |a Wind, Edgar,   |d 1900-1971. 
245 1 0 |a Pagan mysteries in the Renaissance /  |c by Edgar Wind 
250 |a Rev. ed., and enl. 
260 |a New York :   |b W.W. Norton,   |c 1968 
300 |a xiii, 345 σ.;  |b εικ.;  |c 20 εκ. 
490 1 |a Norton library 
490 1 |a Norton paperbacks in art, architecture and the philosophy of art 
504 |a Περιέχει βιβλιογραφικές παραπομπές και ευρετήριο 
650 0 0 |a Art, Italian. 
650 0 0 |a Art, Renaissance  |z Italy. 
650 0 0 |a Mysteries, Religious. 
830 0 |a Norton library 
830 0 |a Norton paperbacks in art, architecture and the philosophy of art 
852 |a INST  |b LESVOS  |e 20000618  |h 709.45 WIN  |p 005100023779  |q 005100023779  |t BK  |y 0 
909 |a Λ  |b 069535 
970 |z 2000/06/ΟΙΚΟΝΟΜΟΠΟΥΛΟΥ ΧΡΙΣΤΙΝΑ